00350nam a2200145Ia 4500003000400000005001700004008004100021040000900062082001800071100001700089245004200106260003500148300000900183650001200192OSt20201028102433.0190216s9999||||xx |||||||||||||| ||und|| coclc a821.48bDRY/P aDryden, John 0aPreface To The Fables /cJohn Dryden  bLakshmi Narain Agarwal,aAgra: a163p aEnglish